000 00370pab a2200145 454500
008 180718b2017 xxu||||| |||| 00| 0 eng d
100 _aKumar, Surinder
245 _aDeepening crisis in economic theory: some reflections
260 _c2017
300 _ap.420-434.
362 _aOct-Dec
650 _aEconomic theory
773 _aIASSI Quarterly
909 _a116692
999 _c116686
_d116686